000 00302nam a22001337a 4500
008 170524b xxu||||| |||| 00| 0 eng d
020 _a9780534093907
041 _aeng
080 _a625.7/.8
100 _a26
101 _aIM
245 _aBASICS FOR THE PRIVATE PILOT
_cGLAESER, D
942 _2udc
_cBK
999 _c14073
_d14073